Statistics for Taylor Swift Songs Starting with A

Click here to take the quiz!

General Stats

  • This quiz has been taken 345 times
  • The average score is 5 of 7

Answer Stats

Song% Correct
All Too Well (10 Minute Version) (Taylor's Version) (From the Vault)
84%
All Too Well (Taylor's Version)
84%
Afterglow
73%
Anti-Hero
63%
august
63%
The Archer
56%
All You Had To Do Was Stay
53%

Score Distribution

Percentile by Number Answered

Percent of People with Each Score

Your Score History

You have not taken this quiz